| 000 | 00681nam a22002057a 4500 | ||
|---|---|---|---|
| 003 | OSt | ||
| 005 | 20140310181917.0 | ||
| 008 | 130716t xxu||||| |||| 00| 0 eng d | ||
| 020 | _a9781450401982 | ||
| 050 |
_aGV 1753.5 _b.C37 2011 |
||
| 082 |
_aTR 372.86 _bC282 2011 |
||
| 245 |
_aLesson plans for creative dance : _bconnecting with literature, arts, and music / _cSally Carline. |
||
| 260 |
_aChampaign, IL _b: Human Kinetics, _cc2011. |
||
| 300 |
_a192 p. : _bill. ; _c28 cm. |
||
| 520 | _a1. Dance--Study and teaching 2. Movement education 3. Dance for children 4. Lesson planning | ||
| 521 | _aTeachers | ||
| 541 | _j1 | ||
| 562 | _e1 | ||
| 942 |
_2lcc _cBK-TR _kTR |
||
| 999 |
_c6793 _d6793 |
||